000
00309nam a2200109Ia 4500
008
160531s9999 xx 000 0 und d
100
_a
Ntuli, Tobias M.
245
_a
Apoptosis and Medicine
245
_c
by Tobias M. Ntuli
260
_c
2012
856
_u
http://www.intechopen.com/books/apoptosis-and-medicine
999
_c
295475
_d
295475